An introduction to the history of Western Europe

সংরক্ষণ করুন:
গ্রন্থ-পঞ্জীর বিবরন
প্রধান লেখক: Robinson, James Harvey (Author)
বিন্যাস: গ্রন্থ
ভাষা:ইংরেজি
প্রকাশিত: Boston Ginn 1924
বিষয়গুলি:
ট্যাগগুলো: ট্যাগ যুক্ত করুন
কোনো ট্যাগ নেই, প্রথমজন হিসাবে ট্যাগ করুন!

MARC

LEADER 00000nam a2200000 a 4500
001 UCP9929
003 CL-VaPUC
008 000407e19240000US |||||||||||||||||eng|d
082 0 4 |a 940  |b ROB  |2 21 
100 0 |a Robinson, James Harvey  |e author  |9 440884 
245 1 3 |a An introduction to the history of Western Europe 
300 |a v 
942 |c BK 
945 |d 20000407 00:00:00  |a rherrera 
260 |a Boston  |b Ginn   |c 1924 
500 |a v.1: The Background of Modern History 
600 0 |a Carlomagno  |9 343111 
600 0 |a Mahoma,  |d 570-632  |9 482781 
600 0 |a Lutero, Martín  |d 1483-1546  |9 859309 
650 0 |a Historia de Europa  |9 392003 
650 0 |a Edad media  |9 258041 
650 7 |a INVASIONES  |2 CL-VaPUC  |9 392362 
650 0 |a Bárbaros  |9 401294 
650 0 |a Papas  |9 258738 
650 7 |a ISLAM  |2 CL-VaPUC  |9 349147 
650 0 |a Cruzadas  |9 319513 
650 7 |a CULTURA MEDIEVAL  |2 CL-VaPUC  |9 389632 
650 7 |a SOCIEDAD MEDIEVAL  |2 CL-VaPUC  |9 403584 
650 0 |a Renacimiento  |9 255107 
650 7 |a PROTENTASTIMO  |2 CL-VaPUC  |9 440885 
650 0 |a Autocracia  |9 393245 
651 0 |a Europa  |9 255156 
651 0 |a Inglaterra  |9 255158 
583 |a last modification  |c 20000407 00:00:00  |k Rodrigo Vera 
999 |c 286709  |d 286707 
952 |0 0  |1 0  |4 0  |6 940_000000000000000_ROB_1924  |7 0  |8 X  |9 332789  |a BIBHIS  |b BIBHIS  |d 2019-11-20  |h v.1  |i 1263072  |o 940 ROB 1924  |p 1263072  |r 2024-01-30  |w 2019-11-20  |y BK_X  |k HIS